[Event "ICS Unrated standard match"]
[Site "204.178.125.65"]
[Date "2000.01.30"]
[Round "?"]
[White "Hossa"]
[Black "Tinker"]
[Result "1-0"]
[WhiteElo "2176"]
[BlackElo "2222"]
[PlyCount "83"]

1. e4 e5 2. Nf3 Nf6 3. Nxe5 Qe7 4. d4 d6 5. Nf3 Nxe4 6. Be2 d5 7. O-O Nc6 8.
Nc3 Nxc3 9. bxc3 Bf5 10. Bd3 Bxd3 11. cxd3 O-O-O 12. Re1 Qd7 13. Rb1 a6 14. Bf4
f6 15. Qc2 g5 16. Bc1 g4 17. Nd2 Bd6 18. Qb2 Na5 19. Nb3 Rhe8 20. Be3 Nxb3 21.
Qxb3 Qc6 22. c4 Bf8 23. Rec1 Re7 24. cxd5 Qxd5 25. Qb6 Bh6 26. Rc5 Bxe3 27.
fxe3 h5 28. Qa7 Qe6 29. Qxb7+ Kd7 30. Rxc7+ Ke8 31. Rxe7+ Qxe7 32. Qxe7+ Kxe7
33. Rb7+ Rd7 34. Rxd7+ Kxd7 35. Kf2 Kc6 36. Kg3 a5 37. a4 Kd5 38. Kh4 Kc6 39.
e4 g3 40. hxg3 Kd6 41. e5+ fxe5 42. dxe5+ 1-0

[Event "ICS rated standard match"]
[Site "204.178.125.65"]
[Date "2000.01.31"]
[Round "?"]
[White "Eric2k"]
[Black "Hossa"]
[Result "0-1"]
[WhiteElo "1880"]
[BlackElo "2176"]
[PlyCount "63"]

1. e4 e5 2. Nf3 Nc6 3. d4 exd4 4. Bc4 Nf6 5. Nxd4 Nxe4 6. Nxc6 bxc6 7. O-O d5
8. Re1 Bc5 9. Be3 Bxe3 10. Rxe3 O-O 11. Bd3 Nf6 12. c4 d4 13. Rg3 Re8 14. f4
Rb8 15. Nd2 Rxb2 16. Nb3 Ne4 17. Qc1 Rxb3 18. axb3 Nxg3 19. hxg3 a6 20. Qd2 Qe7
21. Kf2 Qe3+ 22. Qxe3 Rxe3 23. Re1 Rxe1 24. Kxe1 c5 25. Kd2 Bb7 26. Bf1 f5 27.
b4 cxb4 28. c5 a5 29. Kd3 Ba6+ 30. Kxd4 Bxf1 31. Ke5 b3 32. Kxf5 0-1

[Event "ICS rated blitz match"]
[Site "204.178.125.65"]
[Date "2000.01.31"]
[Round "?"]
[White "Hossa"]
[Black "Amateur"]
[Result "0-1"]
[WhiteElo "2230"]
[BlackElo "2500"]
[PlyCount "122"]

1. e4 e5 2. Nf3 Nc6 3. Bb5 a6 4. Ba4 Nf6 5. O-O b5 6. Bb3 Bc5 7. d3 d6 8. Be3
Bxe3 9. fxe3 O-O 10. Nbd2 Na5 11. Qe1 Nxb3 12. axb3 Bd7 13. b4 c6 14. d4 Re8
15. Qg3 exd4 16. exd4 Nxe4 17. Nxe4 Rxe4 18. Qxd6 Re6 19. Qg3 Rg6 20. Qe5 Be6
21. Ra5 Bd5 22. c3 Bc4 23. Rfa1 Bd5 24. Qe3 Qc8 25. Re1 Re6 26. Qf2 Rxe1+ 27.
Nxe1 Qg4 28. Kh1 Qd1 29. Qe3 Kf8 30. Qg1 Re8 31. Nf3 Qxf3 32. Ra1 Re2 33. gxf3
Bxf3+ 34. Qg2 Rxg2 35. h4 Rd2+ 36. Kg1 Rd1+ 37. Rxd1 Bxd1 38. Kf2 Ke7 39. Ke1
Bb3 40. Ke2 Ke6 41. Kf3 Kf5 42. h5 Bd1+ 43. Ke3 h6 44. d5 cxd5 45. Kd4 Bxh5 46.
Kxd5 Kf4 47. c4 bxc4 48. Kc5 g5 49. Kb6 Be2 50. b5 axb5 51. Kc5 g4 52. Kd4 b4
53. Kc5 c3 54. bxc3 bxc3 55. Kd6 c2 56. Ke7 c1=Q 57. Kf6 Qc7 58. Kg7 f6+ 59.
Kf8 Bc4 60. Ke8 h5 61. Kf8 Qf7# 0-1

[Event "ICS rated blitz match"]
[Site "204.178.125.65"]
[Date "2000.01.31"]
[Round "?"]
[White "Hossa"]
[Black "CAPPIX"]
[Result "1-0"]
[WhiteElo "2224"]
[BlackElo "2323"]
[PlyCount "107"]

1. Nf3 d5 2. e3 Nf6 3. c4 c6 4. d4 Bg4 5. Qb3 Qb6 6. Qxb6 axb6 7. Ne5 Nbd7 8.
Nxg4 Nxg4 9. cxd5 cxd5 10. Bb5 Ngf6 11. O-O e6 12. Bd2 Bd6 13. Rc1 O-O 14. a3
Rfc8 15. Rxc8+ Rxc8 16. Nc3 e5 17. Nxd5 Nxd5 18. Bxd7 Rc2 19. dxe5 Bxe5 20. Rc1
Rxc1+ 21. Bxc1 Nf6 22. Bb5 Ne4 23. Bc4 g6 24. g3 Nd6 25. Bd5 Kg7 26. f4 Bf6 27.
g4 g5 28. Kg2 gxf4 29. exf4 Bd4 30. b3 f6 31. a4 h6 32. Bd2 Kg6 33. h4 f5 34.
h5+ Kf6 35. Kf3 fxg4+ 36. Kxg4 Bb2 37. Be3 Bc3 38. Bxb6 Bb4 39. a5 Nc8 40. Bd4+
Ke7 41. Bxb7 Nd6 42. a6 Nxb7 43. a7 Bc5 44. a8=Q Bxd4 45. Qxb7+ Kd6 46. Qa6+
Kd5 47. Qd3 Kc5 48. Qc4+ Kd6 49. Qxd4+ Ke6 50. Qd8 Kf7 51. Kf5 Kg7 52. Qe7+ Kg8
53. Kf6 Kh8 54. Qg7# 1-0

[Event "ICS Rated standard match"]
[Site "204.178.125.65"]
[Date "2000.01.31"]
[Round "?"]
[White "Hossa"]
[Black "bubba1234"]
[Result "1-0"]
[WhiteElo "2164"]
[BlackElo "2299"]
[PlyCount "70"]

1. Nf3 d5 2. e3 Nf6 3. c4 dxc4 4. Bxc4 e6 5. O-O c5 6. d4 a6 7. Nc3 b5 8. Be2
Bb7 9. Qb3 Nbd7 10. a4 b4 11. Na2 Be7 12. dxc5 a5 13. Nd4 Nxc5 14. Bb5+ Nfd7
15. Qd1 Qc7 16. f3 O-O 17. e4 Bd6 18. g3 Rac8 19. Rf2 Rfd8 20. Bg5 f6 21. Be3
Be7 22. Rd2 Ne5 23. Rc1 Qb6 24. Qe2 Kh8 25. Rcd1 Bf8 26. Nc1 Kg8 27. Ncb3 Nf7
28. Qf2 Ne5 29. Ne2 Rxd2 30. Rxd2 f5 31. Bd4 Nxb3 32. Bxb6 Nxd2 33. Nd4 Rc1+
34. Kg2 Ndxf3 35. Nxf3 Bxe4 1-0

[Event "ICS rated blitz match"]
[Site "204.178.125.65"]
[Date "2000.01.31"]
[Round "?"]
[White "PostModernist"]
[Black "Hossa"]
[Result "1-0"]
[WhiteElo "2541"]
[BlackElo "2228"]
[PlyCount "101"]

1. d4 d5 2. c4 e6 3. Nc3 c5 4. cxd5 exd5 5. Nf3 Nc6 6. g3 Nf6 7. Bg2 cxd4 8.
Nxd4 Bc5 9. Nb3 Bb4 10. O-O Bxc3 11. bxc3 O-O 12. Bg5 Re8 13. Re1 Be6 14. e4
dxe4 15. Qxd8 Nxd8 16. Bxf6 gxf6 17. Rxe4 Rc8 18. Re3 Re7 19. Nd4 Rd7 20. a4 f5
21. h4 h6 22. Bf3 Kg7 23. Rd1 Kf6 24. Kg2 b6 25. Kh2 Rc4 26. Be2 Rcc7 27. Bb5
Rd5 28. c4 Rxb5 29. Nxb5 Rc8 30. Nxa7 Ra8 31. Nb5 f4 32. Rf3 Ke7 33. Rxf4 Rxa4
34. Nd4 Rb4 35. g4 Rb2 36. Kg3 Rb4 37. f3 Rb2 38. Nf5+ Bxf5 39. gxf5 Nc6 40.
Re4+ Kf8 41. Rd6 Kg7 42. Rg4+ Kf8 43. Rxc6 h5 44. f6 Re2 45. Rc8+ Re8 46. Rxe8+
Kxe8 47. Rd4 b5 48. cxb5 Kf8 49. Rd5 Ke8 50. b6 Kf8 51. Rd8# 1-0

[Event "ICS Rated blitz match"]
[Site "204.178.125.65"]
[Date "2000.01.31"]
[Round "?"]
[White "Hossa"]
[Black "Amateur"]
[Result "1/2-1/2"]
[WhiteElo "2223"]
[BlackElo "2451"]
[PlyCount "131"]

1. Nf3 Nf6 2. c4 e6 3. d4 Bb4+ 4. Bd2 Qe7 5. e3 Nc6 6. Be2 b6 7. Nc3 O-O 8. O-O
Bb7 9. a3 Bxc3 10. Bxc3 Ne4 11. Be1 Qd8 12. Qc2 Ne7 13. Bd3 f5 14. Nd2 Nxd2 15.
Qxd2 Nc6 16. Qe2 f4 17. Qh5 g6 18. Bxg6 Qe7 19. Bd3 fxe3 20. fxe3 Rxf1+ 21.
Bxf1 Qf7 22. Qxf7+ Kxf7 23. Bd3 Kg7 24. Bc3 d6 25. d5+ Ne5 26. Rc1 Kh6 27. Bxe5
dxe5 28. dxe6 Rg8 29. g3 Re8 30. Rf1 e4 31. Bc2 Rxe6 32. Rf7 Rg6 33. Rxc7 Rg7
34. Rxg7 Kxg7 35. b4 Kf6 36. c5 Ke5 37. cxb6 axb6 38. a4 Bd5 39. a5 bxa5 40.
bxa5 Kd6 41. Bd1 Bc4 42. Bg4 Kc5 43. Bf5 h6 44. Bxe4 Kb5 45. g4 Be2 46. Bf5
Kxa5 47. h4 Kb4 48. g5 hxg5 49. hxg5 Kc5 50. g6 Bc4 51. g7 Bg8 52. Kf2 Kd5 53.
Bc2 Ke5 54. e4 Kf6 55. Kf3 Kxg7 56. e5 Be6 57. Be4 Bc4 58. Ke3 Kf7 59. Kd4 Be6
60. Bc6 Bf5 61. Ke3 Ke7 62. Bd5 Be6 63. Bc6 Bf5 64. Bd5 Be6 65. Bc6 Bf5 66. Ke2
1/2-1/2

[Event "ICS Rated blitz match"]
[Site "204.178.125.65"]
[Date "2000.01.31"]
[Round "?"]
[White "Jammo"]
[Black "Hossa"]
[Result "0-1"]
[WhiteElo "2040"]
[BlackElo "2232"]
[PlyCount "62"]

1. d4 d5 2. e3 Nf6 3. Bd3 e6 4. Nd2 Bd6 5. f4 c5 6. c3 cxd4 7. cxd4 Nc6 8. Ngf3
O-O 9. O-O Bd7 10. Ne5 Nb4 11. Bb1 Bb5 12. Rf3 Rc8 13. a3 Nc6 14. Rh3 g6 15.
Ndf3 Qc7 16. Bd2 Qb6 17. Kh1 Rc7 18. g4 Ba6 19. b4 Rfc8 20. Qe1 Bxe5 21. fxe5
Nxg4 22. Qh4 h5 23. Rg3 Qb5 24. Ba2 Qd3 25. h3 Nxe3 26. Bxe3 Qxe3 27. Ng5 Qxd4
28. Qxd4 Nxd4 29. Re1 Rc3 30. Rg2 Rxa3 31. Bb1 Nf3 0-1

[Event "ICS Rated blitz match"]
[Site "204.178.125.65"]
[Date "2000.01.31"]
[Round "?"]
[White "JudgeTurpin"]
[Black "Hossa"]
[Result "1-0"]
[WhiteElo "2479"]
[BlackElo "2240"]
[PlyCount "177"]

1. e4 e5 2. Bc4 Nc6 3. Nc3 Nf6 4. d3 Na5 5. Nge2 Nxc4 6. dxc4 Bc5 7. O-O d6 8.
Qd3 Bg4 9. Be3 Bxe3 10. Qxe3 Bxe2 11. Qxe2 O-O 12. Rad1 Qe7 13. Qd3 Qe6 14. Nd5
Nxd5 15. cxd5 Qg4 16. f3 Qg5 17. Rfe1 f5 18. exf5 Rad8 19. g4 h5 20. Qe4 Qh4
21. Kh1 hxg4 22. Rg1 Rf7 23. Rxg4 Qh5 24. Rdg1 Rdd7 25. Rg5 Qh3 26. Qg4 Qxg4
27. fxg4 c6 28. dxc6 bxc6 29. Kg2 Rb7 30. b3 Rf6 31. Rh5 d5 32. Re1 e4 33. Kg3
a5 34. Kf4 Rbf7 35. c4 Re7 36. g5 Rf8 37. g6 Re6 38. Ke3 Ref6 39. cxd5 cxd5 40.
Rd1 Rd8 41. Rc1 Rfd6 42. Rh7 R6d7 43. Rc5 d4+ 44. Kd2 Rd5 45. Rc7 Rxf5 46.
Rcxg7+ Kf8 47. Re7 Kg8 48. Rxe4 Rf2+ 49. Re2 Rf6 50. Ra7 Rxg6 51. Rxa5 Rg1 52.
Rae5 Kg7 53. a4 d3 54. Rf2 Rb1 55. Re7+ Kg8 56. Kc3 Kh8 57. b4 Rc8+ 58. Kxd3
Rxb4 59. Ra7 Rb1 60. Rff7 Rb3+ 61. Kd4 Rh3 62. Rf2 Rb3 63. a5 Ra3 64. a6 Ra4+
65. Kd5 Rg4 66. Re7 Rg1 67. Rff7 Kg8 68. a7 Rg2 69. h4 Kh8 70. Ke6 Ra8 71. Rb7
Re2+ 72. Kd5 Rd8+ 73. Kc6 Rc2+ 74. Kb6 Rd6+ 75. Kb5 Rd8 76. Rh7+ Kg8 77. Rbg7+
Kf8 78. Rd7 Rb2+ 79. Ka4 Ra2+ 80. Kb3 Rxd7 81. Rxd7 Ra5 82. Rd8+ Kf7 83. a8=Q
Rb5+ 84. Kc4 Ra5 85. Qf3+ Ke7 86. Qf8+ Ke6 87. Re8+ Kd7 88. Re7+ Kc6 89. Qf6#
1-0

[Event "ICS Rated standard match"]
[Site "204.178.125.65"]
[Date "2000.01.31"]
[Round "?"]
[White "Hossa"]
[Black "JudgeTurpin"]
[Result "0-1"]
[WhiteElo "2162"]
[BlackElo "2386"]
[PlyCount "58"]

1. e4 e5 2. Bc4 Nf6 3. d3 Nc6 4. Nf3 Bc5 5. Nc3 d6 6. Na4 Bb6 7. Nxb6 axb6 8.
Bb5 O-O 9. O-O Bg4 10. c3 d5 11. h3 Bh5 12. Bxc6 bxc6 13. g4 Nxg4 14. hxg4 Bxg4
15. exd5 Qf6 16. Kg2 cxd5 17. Qe2 e4 18. dxe4 Rfe8 19. e5 Rxe5 20. Qd3 Rf5 21.
Nd4 Bf3+ 22. Qxf3 Rxf3 23. Nxf3 Qg6+ 24. Kh2 Qh5+ 25. Kg3 f5 26. Ng1 b5 27. Re1
Ra6 28. Nh3 Rg6+ 29. Kh2 Rg4 0-1

[Event "ICS Rated blitz match"]
[Site "204.178.125.65"]
[Date "2000.01.31"]
[Round "?"]
[White "Hossa"]
[Black "Amateur"]
[Result "0-1"]
[WhiteElo "2234"]
[BlackElo "2408"]
[PlyCount "58"]

1. e4 e5 2. Bc4 Nf6 3. d3 c6 4. Qe2 Be7 5. Nf3 O-O 6. Bb3 d6 7. O-O Bg4 8. Rd1
a5 9. d4 d5 10. dxe5 Nxe4 11. c4 Nc5 12. Bc2 Nba6 13. Rd4 Bxf3 14. Qxf3 Qc7 15.
Qh3 g6 16. Qg3 Ne6 17. Rd1 Nb4 18. Na3 Nxc2 19. Nxc2 dxc4 20. Bh6 Rfd8 21. Ne3
Rxd1+ 22. Rxd1 Rd8 23. Rc1 Nd4 24. Kf1 Qd7 25. Nxc4 Nf5 26. Qh3 Nxh6 27. Qxd7
Rxd7 28. Nxa5 Ng4 29. e6 fxe6 0-1

[Event "ICS Rated blitz match"]
[Site "204.178.125.65"]
[Date "2000.01.31"]
[Round "?"]
[White "Amateur"]
[Black "Hossa"]
[Result "1-0"]
[WhiteElo "2417"]
[BlackElo "2225"]
[PlyCount "225"]

1. d4 d5 2. c4 c6 3. Nf3 Nf6 4. Qc2 e6 5. Bg5 Qa5+ 6. Nc3 Ne4 7. cxd5 exd5 8.
Bd2 Nxd2 9. Nxd2 Na6 10. e3 Nb4 11. Qb1 Bd6 12. a3 Na6 13. Bd3 g6 14. b4 Qc7
15. e4 Nb8 16. e5 Be7 17. O-O O-O 18. Qe1 Re8 19. f4 a5 20. b5 Bg4 21. f5 Bg5
22. fxg6 hxg6 23. Nf3 Bf4 24. bxc6 bxc6 25. Nh4 Bxe5 26. dxe5 Qxe5 27. Qf2 Qe3
28. Rab1 g5 29. Nf3 Qxf2+ 30. Kxf2 Bxf3 31. Kxf3 Nd7 32. Bf5 Ne5+ 33. Kf2 Rab8
34. Na4 Rxb1 35. Rxb1 Kg7 36. g4 Rh8 37. Kg3 Nc4 38. Nb6 Nxa3 39. Rc1 Rh6 40.
Rc5 Nb5 41. Nxd5 Nd4 42. Nc3 Nb3 43. Re5 Kf6 44. Re3 Nc5 45. Ne4+ Nxe4+ 46.
Rxe4 Kg7 47. Re5 a4 48. Bc2 f6 49. Re7+ Kf8 50. Rc7 a3 51. Rxc6 Kf7 52. Bf5 a2
53. Rc7+ Ke8 54. Ra7 Kd8 55. Rxa2 Kc7 56. Ra6 Kb7 57. Rd6 Kc7 58. Re6 Kb7 59.
Be4+ Kc7 60. Bd3 Kd7 61. Bf5 Kc7 62. h3 Kb7 63. Bd3 Kc7 64. Be4 Kd7 65. Bf5 Kc7
66. Kg2 Kb7 67. Rd6 Kc7 68. Ra6 Kb7 69. Re6 Kc7 70. Kh2 Kb7 71. Be4+ Kc7 72.
Ra6 Kd7 73. Bf5+ Kc7 74. Kg3 Kb7 75. Rd6 Kc7 76. Re6 Kb7 77. Be4+ Kc7 78. Bd3
Kd7 79. Bc4 Kd8 80. Bd3 Kc7 81. Be4 Kd7 82. Ra6 Ke7 83. Bh7 Rh4 84. Rb6 Rh6 85.
Rc6 Kd7 86. Rb6 Ke7 87. Bf5 Rh8 88. Re6+ Kf7 89. Rd6 Ra8 90. Rd3 Kg7 91. Rd7+
Kh8 92. Rf7 Ra3+ 93. Kf2 Rxh3 94. Rxf6 Rh2+ 95. Ke3 Kg8 96. Rg6+ Kf7 97. Rxg5
Rg2 98. Rh5 Kf6 99. Rh6+ Kg7 100. Rd6 Kf7 101. Kf4 Ke8 102. g5 Ke7 103. Rd7+
Kf8 104. g6 Rg1 105. Ke5 Rg2 106. Rb7 Ke8 107. g7 Kd8 108. Kf6 Rg1 109. Rd7+
Ke8 110. Rc7 Rg6+ 111. Kxg6 Kd8 112. Rd7+ Kc8 113. g8=Q# 1-0

[Event "ICS rated blitz match"]
[Site "204.178.125.65"]
[Date "2000.01.31"]
[Round "?"]
[White "Hossa"]
[Black "PostModernist"]
[Result "1-0"]
[WhiteElo "2217"]
[BlackElo "2572"]
[PlyCount "209"]

1. e4 c5 2. Nf3 g6 3. Nc3 Nc6 4. Bb5 Nf6 5. d3 Bg7 6. Be3 d6 7. e5 Ng4 8. exd6
Bxc3+ 9. bxc3 Qxd6 10. O-O Bd7 11. Re1 O-O-O 12. Qe2 h5 13. Bd2 Rde8 14. Rab1
f5 15. h3 Nf6 16. c4 Rhg8 17. Bg5 Nb4 18. a3 Nc6 19. Bxc6 Bxc6 20. Qe3 b6 21.
Bf4 Qd8 22. Ne5 Ba8 23. c3 Rg7 24. Rb5 Reg8 25. Bh6 Rh7 26. Bg5 Bb7 27. Rb2 Qd6
28. Rb3 Ne4 29. Nf3 Nf6 30. Bf4 Qc6 31. Re2 Rd8 32. Rb1 Nd7 33. Qd2 Nf6 34.
Rbe1 Re8 35. Re6 Qd7 36. Ng5 Rg7 37. Qe2 Bc6 38. Re5 Nh7 39. Ne6 Rgg8 40. Bh6
Qb7 41. Ng7 Rxg7 42. Bxg7 Bxg2 43. Rxe7 Rxe7 44. Qxe7 Qxe7 45. Rxe7 Bxh3 46. f4
Kd8 47. Rxa7 Ke8 48. d4 h4 49. Rb7 cxd4 50. cxd4 Bg4 51. Rxb6 Kf7 52. Rb7+ Ke8
53. Bh6 Nf6 54. Bg5 Ne4 55. Bxh4 Nd2 56. Bg5 Nxc4 57. Re7+ Kf8 58. Rc7 Ne3 59.
a4 Nd5 60. Rc6 Kf7 61. a5 Nb4 62. Rf6+ Kg7 63. Rd6 Be2 64. Rd7+ Kg8 65. Rc7 Bd3
66. Kh2 Be4 67. Rd7 Kf8 68. Kg3 Bh1 69. Kf2 Be4 70. Ke2 Ke8 71. Rd6 Bd5 72. Kd2
Kf7 73. Kc3 Na2+ 74. Kb2 Nb4 75. Ka3 Nc2+ 76. Ka4 Ne3 77. Rd7+ Kg8 78. Kb5 Be6
79. Rd8+ Kg7 80. a6 Bc4+ 81. Kb6 Bxa6 82. Kxa6 Nc2 83. d5 Ne1 84. d6 Kf7 85.
Rf8+ Ke6 86. Re8+ Kd7 87. Rxe1 Kxd6 88. Re7 Kd5 89. Rg7 Ke4 90. Rxg6 Kd5 91.
Kb6 Kd4 92. Bf6+ Ke4 93. Kc5 Kxf4 94. Bg5+ Ke4 95. Re6+ Kf3 96. Rf6 Kg4 97. Bc1
Kh4 98. Rxf5 Kg4 99. Rf2 Kg3 100. Be3 Kg4 101. Kd5 Kh3 102. Ke4 Kg4 103. Bf4
Kh3 104. Kf3 Kh4 105. Rh2# 1-0

[Event "ICS rated blitz match"]
[Site "204.178.125.65"]
[Date "2000.01.31"]
[Round "?"]
[White "PostModernist"]
[Black "Hossa"]
[Result "1-0"]
[WhiteElo "2544"]
[BlackElo "2245"]
[PlyCount "81"]

1. e4 e5 2. Nf3 Nc6 3. Bb5 a6 4. Ba4 Nf6 5. O-O b5 6. Bb3 Bc5 7. a4 Na5 8. Nxe5
Nxb3 9. cxb3 Qe7 10. Nd3 Nxe4 11. Nxc5 Nxc5 12. d4 Ne4 13. f3 Ng5 14. Re1 Ne6
15. d5 bxa4 16. dxe6 fxe6 17. bxa4 O-O 18. Qc2 c6 19. b3 Rb8 20. Ba3 Qf6 21.
Bxf8 Qxa1 22. Bc5 Qf6 23. Nd2 Qf4 24. Re4 Qg5 25. Bd4 h5 26. Re5 Qf4 27. Qd3
Qh6 28. h4 Kf7 29. Rg5 g6 30. Nc4 d5 31. Ne5+ Ke8 32. Qxg6+ Qxg6 33. Rxg6 Ra8
34. Bc5 Kd8 35. Rg8+ Kc7 36. Rg7+ Kd8 37. Bb6+ Ke8 38. Ng6 Ra7 39. Bxa7 Bd7 40.
Bb6 c5 41. Re7# 1-0

[Event "ICS rated blitz match"]
[Site "204.178.125.65"]
[Date "2000.01.31"]
[Round "?"]
[White "KCtan"]
[Black "Hossa"]
[Result "1-0"]
[WhiteElo "2071"]
[BlackElo "2240"]
[PlyCount "151"]

1. d4 d5 2. Nf3 Nf6 3. Bf4 Bf5 4. e3 e6 5. c4 Bxb1 6. Rxb1 Bb4+ 7. Ke2 O-O 8.
c5 Nc6 9. a3 Ba5 10. b4 Ne4 11. Qc2 Bxb4 12. axb4 f6 13. b5 Ne7 14. Bg3 Nf5 15.
Kd1 e5 16. Bd3 exd4 17. Nxd4 Nxd4 18. exd4 f5 19. Be5 Qh4 20. Ke2 Qxf2+ 21. Kd1
Qe3 22. Rf1 Rf7 23. Rb3 Qg5 24. g3 Re7 25. Bxe4 fxe4 26. Qd2 Qg4+ 27. Qe2 Qh3
28. Kc2 a5 29. Rbb1 a4 30. Kb2 b6 31. c6 Ra5 32. Ka3 Qc8 33. Rf4 h6 34. Rbf1
Qe6 35. g4 Ra8 36. h4 Ree8 37. Qd2 Re7 38. Qf2 Qc8 39. Rf7 Qe8 40. Rf5 Re6 41.
Qd2 Qe7+ 42. Qb4 Qxb4+ 43. Kxb4 Re7 44. Ka3 Rb8 45. g5 hxg5 46. hxg5 g6 47. Rf6
Rg7 48. Kxa4 Ra8+ 49. Kb4 Re8 50. R6f4 Rh7 51. Rf6 Rg7 52. Rh1 e3 53. Rf3 e2
54. Re3 Rh7 55. Rxh7 Kxh7 56. Rxe2 Kg8 57. Rh2 Re6 58. Rh8+ Kf7 59. Rh7+ Kf8
60. Rxc7 Kg8 61. Rd7 Re8 62. c7 Rc8 63. Rd8+ Kh7 64. Rxd5 Rxc7 65. Bxc7 Kg7 66.
Rd7+ Kf8 67. Bxb6 Ke8 68. Ra7 Kf8 69. Bc5+ Ke8 70. d5 Kd8 71. Bd6 Ke8 72. Kc5
Kd8 73. Kc6 Ke8 74. b6 Kd8 75. Rf7 Ke8 76. Rf8# 1-0

[Event "ICS rated blitz match"]
[Site "204.178.125.65"]
[Date "2000.01.31"]
[Round "?"]
[White "KCtan"]
[Black "Hossa"]
[Result "1/2-1/2"]
[WhiteElo "2119"]
[BlackElo "2238"]
[PlyCount "62"]

1. d4 Nf6 2. Nf3 c5 3. c3 d5 4. Bf4 Qb6 5. Qb3 Qxb3 6. axb3 e6 7. Bxb8 Rxb8 8.
Rxa7 cxd4 9. Nxd4 Bc5 10. Ra5 Bb6 11. Ra1 e5 12. Nf3 e4 13. Nd4 e3 14. fxe3 O-O
15. h3 Bc7 16. g4 Re8 17. Bg2 Bg3+ 18. Kd2 Bh4 19. Na3 Bd7 20. Nac2 h5 21. Bf3
hxg4 22. hxg4 Bg5 23. Rag1 Re5 24. Rg3 Rc8 25. Ra1 Bh4 26. Rg2 Ne8 27. Rag1 Bg5
28. Nf5 Rc7 29. Nfd4 Rc8 30. Rh2 Nf6 31. Rhg2 Ne8 1/2-1/2

[Event "ICS rated blitz match"]
[Site "204.178.125.65"]
[Date "2000.01.31"]
[Round "?"]
[White "Hossa"]
[Black "Amateur"]
[Result "0-1"]
[WhiteElo "2236"]
[BlackElo "2401"]
[PlyCount "200"]

1. d4 Nf6 2. Bg5 Ne4 3. Bf4 d5 4. e3 c5 5. f3 Qa5+ 6. c3 Nd6 7. Nd2 cxd4 8.
Bxd6 exd6 9. Nb3 Qb6 10. Qxd4 Nc6 11. Qxb6 axb6 12. Ne2 Be7 13. Nf4 Be6 14. Bb5
O-O 15. Bxc6 bxc6 16. Nxe6 fxe6 17. Nd4 Rfc8 18. Nxe6 Kf7 19. Nd4 Ra4 20. a3
Kf6 21. Rd1 Ke5 22. g4 g6 23. Nc2 c5 24. Ke2 Ke6 25. Rd2 Rh8 26. b3 Raa8 27.
Rhd1 h5 28. g5 Bxg5 29. Rxd5 Be7 30. c4 Rhf8 31. Kf2 Rad8 32. Kg2 h4 33. Kf2 g5
34. Rg1 Rf7 35. Rg4 Rdf8 36. Ne1 Kd7 37. Kg2 Kc7 38. Rd3 Ra8 39. a4 Raf8 40.
Kh3 Bd8 41. Rg2 Rh8 42. Rgd2 Be7 43. Rd1 Rd8 44. Kg4 Bf6 45. Rd5 Rg7 46. R1d3
Be5 47. h3 Rf8 48. Rd2 Bc3 49. Rd1 Be5 50. R1d3 Rgf7 51. e4 Rf4+ 52. Kh5 Rh8+
53. Kg6 Rf6+ 54. Kg7 Rhf8 55. a5 Rxf3+ 56. Kg6 Rf1 57. axb6+ Kxb6 58. Nc2 R8f4
59. Kxg5 Rxe4 60. Kg6 Rg1+ 61. Kh5 Rf4 62. Ne3 Rg3 63. Ng4 Bd4 64. Rd2 Rxb3 65.
Rxd6+ Kc7 66. Rh6 Rxh3 67. Rh7+ Kb6 68. Kg5 Rf8 69. Re2 Rg8+ 70. Kf5 Rf3+ 71.
Ke4 Rg3 72. Rh6+ Kb7 73. Ne5 Bxe5 74. Kxe5 Re8+ 75. Re6 Rxe6+ 76. Kxe6 Rd3 77.
Rb2+ Kc6 78. Ra2 Rc3 79. Ra6+ Kb7 80. Ra4 h3 81. Kd5 h2 82. Ra1 Rh3 83. Rh1 Kb6
84. Kd6 Rh5 85. Rb1+ Ka5 86. Rh1 Kb4 87. Ke6 Kxc4 88. Kf7 Kd4 89. Kg6 Rh8 90.
Kf5 c4 91. Ke6 c3 92. Rd1+ Ke3 93. Re1+ Kd2 94. Rf1 h1=Q 95. Rf2+ Ke3 96. Rf5
Qc6+ 97. Kf7 Rh7+ 98. Kg8 Qg6+ 99. Kf8 Qg7+ 100. Ke8 Qe7# 0-1

[Event "ICS rated blitz match"]
[Site "204.178.125.65"]
[Date "2000.01.31"]
[Round "?"]
[White "KCtan"]
[Black "Hossa"]
[Result "0-1"]
[WhiteElo "2091"]
[BlackElo "2227"]
[PlyCount "122"]

1. d4 Nf6 2. Nf3 c5 3. c3 d5 4. Bf4 Qb6 5. Qb3 Qxb3 6. axb3 e6 7. Bxb8 Rxb8 8.
Rxa7 cxd4 9. Nxd4 Bc5 10. Ra1 O-O 11. e3 Bd7 12. b4 Bb6 13. Nf3 Ra8 14. Rxa8
Rxa8 15. Na3 Bc7 16. Be2 Ne4 17. Nd2 Nxc3 18. bxc3 Rxa3 19. Nb1 Ra2 20. Bd3 f5
21. O-O g5 22. Re1 Bd6 23. Re2 Ra1 24. Rb2 Be5 25. Rb3 Ba4 26. Ra3 Rxa3 27.
Nxa3 Bxc3 28. b5 Bb3 29. Nc2 Kf7 30. Kf1 Kf6 31. Nd4 Bxd4 32. exd4 e5 33. dxe5+
Kxe5 34. Ke1 h6 35. Kd2 d4 36. g3 b6 37. Bf1 Bd5 38. Kd3 f4 39. Bh3 Be4+ 40.
Kc4 Bf3 41. Kd3 g4 42. Bf1 Be4+ 43. Kc4 f3 44. h3 h5 45. hxg4 hxg4 46. Kb4 Bc2
47. Bc4 Bg6 48. Bg8 Be8 49. Bh7 Bd7 50. Bg6 Be6 51. Bc2 Bf5 52. Bb3 Be4 53. Bf7
Bd3 54. Bh5 Bf5 55. Be8 Ke4 56. Bf7 Kd3 57. Bc4+ Kd2 58. Bf7 Ke1 59. Kc4 d3 60.
Kd5 d2 61. Kc6 d1=Q 0-1

[Event "ICS rated blitz match"]
[Site "204.178.125.65"]
[Date "2000.01.31"]
[Round "?"]
[White "Hossa"]
[Black "Tysonbot"]
[Result "0-1"]
[WhiteElo "2232"]
[BlackElo "2212"]
[PlyCount "130"]

1. e4 c5 2. Nf3 d6 3. d4 cxd4 4. Nxd4 Nf6 5. Nc3 a6 6. Be3 e5 7. Nb3 Be6 8. Qd2
Nc6 9. Rd1 Be7 10. Bd3 Ng4 11. O-O Nxe3 12. fxe3 Qb6 13. Rde1 Bh4 14. g3 Bg5
15. Rf2 O-O 16. Na4 Qc7 17. Nc3 Ne7 18. Nd5 Nxd5 19. exd5 Bd7 20. Qe2 f5 21.
Qh5 Bh6 22. c4 e4 23. Bf1 b5 24. Nd2 Qc5 25. Nb3 Qb6 26. c5 dxc5 27. Qe2 c4 28.
Na1 Qc5 29. Qd2 Rad8 30. Nc2 Be6 31. Qa5 Bc8 32. b3 cxb3 33. axb3 Rxd5 34. Bg2
Rfd8 35. g4 Bg5 36. gxf5 Bh4 37. Bxe4 Bxf2+ 38. Kxf2 Rxf5+ 39. Kg1 Rg5+ 40. Kh1
Re8 41. Rf1 Rge5 42. b4 Qc4 43. Bg2 Qxc2 44. Qb6 Rxe3 45. Qa7 Qg6 46. Bd5+ Be6
47. Bg2 Bc4 48. Rg1 Re2 49. Bf3 Qf6 50. Qb7 Qd4 51. Qc7 Re1 52. Qg3 Bd5 53.
Bxd5+ Qxd5+ 54. Qg2 Rxg1+ 55. Kxg1 Qd4+ 56. Qf2 Re1+ 57. Kg2 Qg4+ 58. Qg3 Qe4+
59. Qf3 Re2+ 60. Kg3 Qe5+ 61. Qf4 Re3+ 62. Kg4 h5+ 63. Kh4 Qxf4+ 64. Kxh5 Re5+
65. Kg6 Qf7# 0-1

[Event "ICS rated standard match"]
[Site "204.178.125.65"]
[Date "2000.01.31"]
[Round "?"]
[White "WILDKNIGHTS"]
[Black "Hossa"]
[Result "1/2-1/2"]
[WhiteElo "2002"]
[BlackElo "2174"]
[PlyCount "63"]

1. e4 e5 2. Nf3 Nc6 3. Bc4 Bc5 4. O-O d6 5. c3 Qf6 6. b4 Bb6 7. a4 a6 8. a5 Ba7
9. b5 axb5 10. Bxb5 Bd7 11. a6 Qg6 12. axb7 Bxf2+ 13. Rxf2 Rxa1 14. Bb2 Rxb1
15. Qxb1 Nge7 16. d4 exd4 17. cxd4 Nb8 18. Bc3 O-O 19. Bd3 Qh5 20. Ra2 Bg4 21.
Nd2 c5 22. d5 f5 23. Ra8 fxe4 24. Bxe4 Nxd5 25. Qa2 Be6 26. Bf3 Qh6 27. Rxb8
Qe3+ 28. Kf1 Qd3+ 29. Ke1 Qe3+ 30. Kf1 Qd3+ 31. Ke1 Qe3+ 32. Kf1 1/2-1/2

[Event "ICS rated blitz match"]
[Site "204.178.125.65"]
[Date "2000.01.31"]
[Round "?"]
[White "MissSilicon"]
[Black "Hossa"]
[Result "1/2-1/2"]
[WhiteElo "2473"]
[BlackElo "2215"]
[PlyCount "165"]

1. e4 e5 2. Nf3 Nc6 3. Bc4 Bc5 4. c3 Nf6 5. d4 exd4 6. cxd4 Bb4+ 7. Bd2 Bxd2+
8. Nbxd2 d5 9. exd5 Nxd5 10. Qb3 Nce7 11. O-O O-O 12. Rfe1 c6 13. a4 Qb6 14. a5
Qxb3 15. Nxb3 Rd8 16. Ne5 Rb8 17. Rac1 Bf5 18. g4 Be6 19. Nc5 Rd6 20. Ne4 Rdd8
21. Ng5 h6 22. Nxe6 fxe6 23. Nd3 Rd6 24. Nc5 Kf7 25. Ne4 Rdd8 26. h4 b6 27. Rc2
Nf4 28. Rc3 Kg8 29. Rf3 Rf8 30. axb6 axb6 31. Nd2 Rbd8 32. Re4 g5 33. hxg5 hxg5
34. Nb3 Kg7 35. Bxe6 Rf6 36. Bc4 Neg6 37. Rfe3 Rh8 38. Bf1 Nd5 39. Re1 Rhf8 40.
R1e2 R6f7 41. Rc2 Rf6 42. Bc4 Nb4 43. Rd2 Nh4 44. Kf1 Kg6 45. Re6 Nf3 46. Rde2
Nh2+ 47. Kg2 Nxg4 48. f3 Rxe6 49. Rxe6+ Nf6 50. Kg3 Rh8 51. Nd2 Re8 52. Re5 Rd8
53. Nb3 Rh8 54. Re6 Rh1 55. Nd2 Rg1+ 56. Kf2 Rc1 57. Ke2 Nc2 58. Rxf6+ Kxf6 59.
Ne4+ Kf5 60. Nd6+ Kf4 61. Kd2 Rg1 62. Kxc2 Kxf3 63. d5 cxd5 64. Bxd5+ Kf4 65.
Nc8 b5 66. Na7 Ke5 67. Bb7 Rf1 68. Nxb5 Rf2+ 69. Kc3 g4 70. Nd4 g3 71. Nf3+ Kd6
72. Ne1 Rf1 73. Nd3 Rf7 74. Bg2 Rc7+ 75. Kd2 Rc4 76. b4 Kc7 77. Ke3 Kb6 78. Ne5
Rxb4 79. Kf3 Rb5 80. Ke4 Rxe5+ 81. Kxe5 Kc5 82. Kf4 Kd4 83. Kxg3 1/2-1/2